Human ear recognition by computer / (Record no. 11467)
[ view plain ]
| 000 -LEADER | |
|---|---|
| fixed length control field | 01200cam a22003377a 4500 |
| 001 - CONTROL NUMBER | |
| control field | 15244603 |
| 005 - DATE AND TIME OF LATEST TRANSACTION | |
| control field | 20160906130618.0 |
| 008 - FIXED-LENGTH DATA ELEMENTS--GENERAL INFORMATION | |
| fixed length control field | 080402s2008 enka b 001 0 eng |
| 010 ## - LIBRARY OF CONGRESS CONTROL NUMBER | |
| LC control number | 2008926362 |
| 015 ## - NATIONAL BIBLIOGRAPHY NUMBER | |
| National bibliography number | GBA789153 |
| Source | bnb |
| 016 7# - NATIONAL BIBLIOGRAPHIC AGENCY CONTROL NUMBER | |
| Record control number | 014236175 |
| Source | Uk |
| 020 ## - INTERNATIONAL STANDARD BOOK NUMBER | |
| International Standard Book Number | 971848001282 (hbk.) |
| 035 ## - SYSTEM CONTROL NUMBER | |
| System control number | (OCoLC)ocn180478674 |
| 040 ## - CATALOGING SOURCE | |
| Original cataloging agency | UKM |
| Transcribing agency | UKM |
| Modifying agency | BAKER |
| -- | BTCTA |
| -- | YDXCP |
| -- | C#P |
| -- | BWX |
| -- | CDX |
| -- | BWK |
| -- | DLC |
| 042 ## - AUTHENTICATION CODE | |
| Authentication code | lccopycat |
| 050 00 - LIBRARY OF CONGRESS CALL NUMBER | |
| Classification number | TK7882.P3 |
| Item number | B47 2008 |
| 082 04 - DEWEY DECIMAL CLASSIFICATION NUMBER | |
| Classification number | 006.4 |
| Edition number | 22 |
| Item number | BHA |
| 100 1# - MAIN ENTRY--PERSONAL NAME | |
| Personal name | Bhanu, Bir. |
| 9 (RLIN) | 4473 |
| 245 10 - TITLE STATEMENT | |
| Title | Human ear recognition by computer / |
| Statement of responsibility, etc | Bir Bhanu and Hui Chen. |
| 260 ## - PUBLICATION, DISTRIBUTION, ETC. (IMPRINT) | |
| Place of publication, distribution, etc | London : |
| Name of publisher, distributor, etc | Springer, |
| Date of publication, distribution, etc | c2008. |
| 300 ## - PHYSICAL DESCRIPTION | |
| Extent | xviii, 201 p. : |
| Other physical details | ill. ; |
| Dimensions | 25 cm. |
| 440 #0 - | |
| -- | Advances in pattern recognition |
| -- | 4474 |
| 504 ## - BIBLIOGRAPHY, ETC. NOTE | |
| Bibliography, etc | Includes bibliographical references (p. [193]-198) and index. |
| 650 #0 - SUBJECT ADDED ENTRY--TOPICAL TERM | |
| Topical term or geographic name as entry element | Biometric identification. |
| 9 (RLIN) | 4476 |
| 650 #0 - SUBJECT ADDED ENTRY--TOPICAL TERM | |
| Topical term or geographic name as entry element | Ear, External |
| General subdivision | Identification |
| -- | Data processing. |
| 9 (RLIN) | 4478 |
| 650 #0 - SUBJECT ADDED ENTRY--TOPICAL TERM | |
| 9 (RLIN) | 4475 |
| Topical term or geographic name as entry element | Pattern recognition systems |
| 650 #0 - SUBJECT ADDED ENTRY--TOPICAL TERM | |
| 9 (RLIN) | 4477 |
| Topical term or geographic name as entry element | Three-dimensional imaging |
| 700 1# - ADDED ENTRY--PERSONAL NAME | |
| Personal name | Chen, Hui. |
| 9 (RLIN) | 4479 |
| 942 ## - ADDED ENTRY ELEMENTS (KOHA) | |
| Source of classification or shelving scheme | Dewey Decimal Classification |
| Item type | Book - Borrowing |
| Withdrawn status | Item status | Source of classification or shelving scheme | Damaged status | Not for loan | Vendor | Home library | Current library | Shelving location | Date acquired | Source of acquisition | Cost, normal purchase price | Serial Enumeration / chronology | Total Checkouts | Total Renewals | Full call number | Barcode | Date last seen | Date last borrowed | Koha item type |
|---|---|---|---|---|---|---|---|---|---|---|---|---|---|---|---|---|---|---|---|
| Dewey Decimal Classification | Baccah | Central Library | Central Library | Lower Floor | 29/04/2009 | 504.00 | 7073 | 1 | 2 | 006.4 BHA | 000016283 | 15/07/2025 | 28/09/2017 | Book - Borrowing |